| 000 | 00460nam a2200157Ia 4500 | ||
|---|---|---|---|
| 008 | 230312s9999||||xx |||||||||||||| ||und|| | ||
| 020 | _a0-7879-0362-0 | ||
| 082 |
_a302.35 _bSCH-0 |
||
| 100 | _aSchein, Edgar H. | ||
| 245 | 0 | _aOrganizational Culture and Leadership | |
| 260 |
_bJossey Bass _aSan Francisco _c1992 |
||
| 300 | _a418 | ||
| 546 | _aEng. | ||
| 650 |
_aEconomics _vDefining Organizational Culture , Reporting about culture to Outsiders |
||
| 942 | _cBK | ||
| 999 |
_c2782 _d2782 |
||